00460nam a22001697a 450000500170000000800410001702000180005802200150007604100120009108200120010310000120011524500570012725000190018426000320020330000300023565000250026520240923123932.0240923b |||||||| |||| 00| 0 eng d a9780409047264 a0409004480 aEnglish a349 SOU lEnglish aThe Law of South Africa / cWA Joubert and JA Faris  aSecond Edition aDurban:bLexisNexis, c2013 bvii, 460 pages; c26 cm.  aLegal practice bLaw